MARC details
| 000 -LEADER |
| fixed length control field |
01355nam a2200265 a 4500 |
| 008 - FIXED-LENGTH DATA ELEMENTS--GENERAL INFORMATION |
| fixed length control field |
120416s1997 ||||||||||||||||| || u |
| 020 ## - INTERNATIONAL STANDARD BOOK NUMBER |
| International Standard Book Number |
1557756732 |
| 050 ## - LIBRARY OF CONGRESS CALL NUMBER |
| Classification number |
IMF(02) |
| 100 ## - MAIN ENTRY--PERSONAL NAME |
| Personal name |
Iqbal, Zubair |
| 245 10 - TITLE STATEMENT |
| Title |
External finance for low-income countries |
| 246 ## - VARYING FORM OF TITLE |
| Title proper/short title |
papers presented at the IMF and World Bank Conference an external financing for low-income countries |
| 260 ## - PUBLICATION, DISTRIBUTION, ETC. |
| Place of publication, distribution, etc. |
Washington, D.C.: |
| Name of publisher, distributor, etc. |
International Monetary Fund |
| Date of publication, distribution, etc. |
1997 |
| 300 ## - PHYSICAL DESCRIPTION |
| Extent |
xiv, 235p. : ill. |
| 350 ## - PRICE (NR) (BK AM CF MU VM SE) [OBSOLETE] |
| Price |
0.00 |
| 500 ## - GENERAL NOTE |
| General note |
"Papers presented at the Conference on External Financing for Low-Income Countries, December 10-11, 1996, sponsored by IMF Institute, Policy Development and Review Department, International Monetary Fund [and] the World Bank." -Includes bibliographical references. |
| 650 ## - SUBJECT ADDED ENTRY--TOPICAL TERM |
| Topical term or geographic name entry element |
CAPITAL MOVEMENTS--DEVELOPING COUNTRIES |
| 650 ## - SUBJECT ADDED ENTRY--TOPICAL TERM |
| Topical term or geographic name entry element |
DEBTS, EXTERNAL--DEVELOPING COUNTRIES |
| 650 ## - SUBJECT ADDED ENTRY--TOPICAL TERM |
| Topical term or geographic name entry element |
DEBT RELIEF--DEVELOPING COUNTRIES |
| 700 ## - ADDED ENTRY--PERSONAL NAME |
| Personal name |
Kanbur, S. M. Ravi |
| 710 ## - ADDED ENTRY--CORPORATE NAME |
| Corporate name or jurisdiction name as entry element |
IMF Institute |
| 710 ## - ADDED ENTRY--CORPORATE NAME |
| Corporate name or jurisdiction name as entry element |
International Monetary Fund. Policy Development and Review Dept |
| 710 ## - ADDED ENTRY--CORPORATE NAME |
| Corporate name or jurisdiction name as entry element |
World Bank |
| 710 ## - ADDED ENTRY--CORPORATE NAME |
| Corporate name or jurisdiction name as entry element |
Conference on External Financing for Low-Income Countries (1996 : Washington, D.C.) |
| 995 ## - RECOMMENDATION 995 [LOCAL, UNIMARC FRANCE] |
| -- |
0.00 |
| -- |
CBU-MAIN LIBRARY (Kitwe) |
| -- |
1 |
| -- |
22.50 |
| -- |
1 |
| -- |
AVAILABLE |
| -- |
Annex Low-Usage Collection |